000 00774cam a2200265 4500500
005 20260329001422.0
041 _afre
042 _adc
100 1 0 _aSarkozy, Nicolas
_eauthor
700 1 0 _aOnfray, Michel
_eauthor
700 1 0 _aLacroix, Alexandre
_eauthor
700 1 0 _aTruong, Nicolas
_eauthor
245 0 0 _aNicolas Sarkozy, Michel Onfray. Confidences entre ennemis
260 _c2007.
500 _a39
690 _aCroyance
690 _aÉlections
690 _aLiberté
690 _aMal
690 _aOnfray
690 _aPolitique
690 _aSarkozy
786 0 _nPhilosophie magazine | 8 | 4 | 2007-04-01 | p. 1-4 | 1951-1787
856 4 1 _uhttps://shs.cairn.info/magazine-philosophie-magazine-2007-4-page-1?lang=fr&redirect-ssocas=7080
999 _c1805225
_d1805225